[Event "ICS Rated standard match"]
[Site "204.178.125.65"]
[Date "2000.06.14"]
[Round "?"]
[White "josechess"]
[Black "Hossa"]
[Result "1-0"]
[WhiteElo "2386"]
[BlackElo "2398"]
[PlyCount "159"]
[EventDate "2000.??.??"]

1. Nf3 d5 2. b3 Bg4 3. e3 e5 4. h3 Bxf3 5. Qxf3 Nf6 6. Bb2 Nbd7 7. g3 Bb4 8.
Bg2 Qe7 9. O-O O-O-O 10. d3 Kb8 11. a3 e4 12. Qe2 Ba5 13. Nd2 Bxd2 14. Qxd2
Rhe8 15. Qe2 g5 16. Rfd1 Nc5 17. b4 Ncd7 18. dxe4 dxe4 19. Qb5 h6 20. Qf5 Rc8
21. Rd2 Qe6 22. Qxe6 Rxe6 23. Rad1 Ne5 24. Rd4 b5 25. Kh1 Nc4 26. Bc1 c5 27.
bxc5 Rxc5 28. Bf1 Ne5 29. Rb4 a6 30. a4 Nd5 31. Rb3 Rxc2 32. axb5 a5 33. Rb2
Rc7 34. Bd2 a4 35. Ra1 Nb6 36. Ba5 Ra7 37. Bxb6 Rxb6 38. Rba2 Nd3 39. Rxa4 Rxa4
40. Rxa4 Rxb5 41. Bxd3 exd3 42. Rd4 Rb1+ 43. Kg2 Rd1 44. Kf3 Kc7 45. h4 f6 46.
hxg5 hxg5 47. e4 Rd2 48. Rd5 g4+ 49. Kxg4 Rxf2 50. Rxd3 Rf1 51. Rd5 Re1 52. Kf5
Rf1+ 53. Ke6 Rf3 54. Ke7 Kc6 55. Ke6 Kc7 56. Rd7+ Kc8 57. Rg7 Kd8 58. Rg8+ Kc7
59. g4 Rf2 60. Rg7+ Kd8 61. Rg8+ Kc7 62. Rf8 Rd2 63. Rxf6 Rd6+ 64. Kf5 Rd1 65.
g5 Kd7 66. e5 Ke7 67. Kg6 Rd2 68. Kg7 Rg2 69. g6 Rc2 70. Kh7 Rh2+ 71. Kg8 Rg2
72. g7 Rb2 73. Kh7 Rh2+ 74. Rh6 Rd2 75. g8=Q Rf2 76. Re6+ Kd7 77. Qe8+ Kc7 78.
Rc6+ Kb7 79. Qc8+ Ka7 80. Ra6# {Hossa checkmated} 1-0

[Event "ICS rated standard match"]
[Site "204.178.125.65"]
[Date "2000.06.14"]
[Round "?"]
[White "Hossa"]
[Black "MissSilicon"]
[Result "1/2-1/2"]
[WhiteElo "2381"]
[BlackElo "2388"]
[PlyCount "157"]
[EventDate "2000.??.??"]

1. Nf3 Nf6 2. c4 e6 3. Nc3 c5 4. e4 Nc6 5. Be2 d5 6. exd5 exd5 7. d4 dxc4 8. d5
Na5 9. Bf4 Bd7 10. O-O Qb6 11. Qd2 Bd6 12. Bxd6 Qxd6 13. Qe3+ Kf8 14. Ne5 Re8
15. Nxd7+ Nxd7 16. Qd2 g6 17. Nb5 Qb6 18. Na3 Qb4 19. Qxb4 cxb4 20. Nxc4 Rxe2
21. Nxa5 Rxb2 22. Nxb7 Kg7 23. d6 Rc8 24. Rfb1 Rxb1+ 25. Rxb1 Rc6 26. h4 Rb6
27. Na5 Rxd6 28. Rxb4 Rd1+ 29. Kh2 Rd2 30. Ra4 Rxf2 31. Nc6 Rd2 32. Rxa7 Rd6
33. Rc7 Kf6 34. a4 Nc5 35. a5 Na6 36. Rc8 h5 37. Na7 Ke5 38. Rc6 Rxc6 39. Nxc6+
Kd5 40. Nd8 f6 41. Nf7 Ke6 42. Nh8 Kf5 43. Kg3 Nc5 44. Kf3 g5 45. hxg5 fxg5 46.
Nf7 g4+ 47. Kg3 Kf6 48. Nd6 Kg5 49. Kh2 Na6 50. Ne4+ Kf4 51. Nf6 h4 52. Nd5+
Ke5 53. Ne3 Kf4 54. Nc4 Ke4 55. Nd6+ Ke5 56. Nf7+ Kf6 57. Nh6 Kg5 58. Ng8 Nb4
59. Kh1 Kg6 60. Kg1 Kg7 61. Ne7 Kf6 62. Nc8 Ke6 63. Kh2 Nd5 64. Na7 Kd6 65.
Nc8+ Kc7 66. Nb6 Nxb6 67. axb6+ Kxb6 68. Kg1 Kc5 69. Kh2 Kd4 70. Kg1 Ke3 71.
Kf1 Kf4 72. Kf2 Ke4 73. Ke2 Ke5 74. Ke3 Kf5 75. Kf2 g3+ 76. Ke2 Ke4 77. Kf1 Kd3
78. Kg1 Kd4 79. Kh1 1/2-1/2

[Event "ICS rated standard match"]
[Site "204.178.125.65"]
[Date "2000.06.14"]
[Round "?"]
[White "MissSilicon"]
[Black "Hossa"]
[Result "1-0"]
[WhiteElo "2388"]
[BlackElo "2381"]
[PlyCount "49"]
[EventDate "2000.??.??"]

1. e4 e5 2. Nf3 Nc6 3. Bc4 Bc5 4. c3 Nf6 5. b4 Bb6 6. d3 d6 7. a4 a5 8. b5 Ne7
9. O-O Bg4 10. Bg5 h6 11. Bxf6 gxf6 12. Nbd2 Rg8 13. Qb3 Rg7 14. Kh1 f5 15. h3
fxe4 16. dxe4 Bd7 17. Nh4 Qc8 18. f4 Be3 19. fxe5 d5 20. exd5 Bxh3 21. e6 Bxd2
22. gxh3 fxe6 23. dxe6 Rg3 24. Qc2 Rxh3+ 25. Kg2 {Hossa resigns} 1-0

[Event "ICS rated standard match"]
[Site "204.178.125.65"]
[Date "2000.06.14"]
[Round "?"]
[White "Beadle"]
[Black "Hossa"]
[Result "1-0"]
[WhiteElo "2442"]
[BlackElo "2365"]
[PlyCount "105"]
[EventDate "2000.??.??"]

1. d4 e6 2. c4 Nf6 3. Nc3 d5 4. Nf3 Bb4 5. cxd5 exd5 6. Bg5 Nbd7 7. Qc2 h6 8.
Bh4 g5 9. Bg3 Ne4 10. e3 c6 11. Bd3 Qe7 12. Bxe4 dxe4 13. Nd2 f5 14. d5 O-O 15.
O-O Nc5 16. d6 Qe8 17. a3 Bxc3 18. Qxc3 Nd7 19. Rac1 Nb6 20. Be5 Nd5 21. Qd4
Qe6 22. Kh1 Re8 23. Bh8 Qd7 24. b4 Qh7 25. Be5 Bd7 26. b5 Rad8 27. bxc6 Bxc6
28. Nc4 Ra8 29. Na5 Qd7 30. Rc5 Nb6 31. Nxc6 bxc6 32. Rfc1 Rac8 33. h4 Re6 34.
g4 fxg4 35. hxg5 hxg5 36. Kg2 Qh7 37. Rh1 Rh6 38. Rxh6 Qxh6 39. Bf6 Kf7 40.
Bxg5 Qh3+ 41. Kg1 Qh8 42. Qxe4 Kg8 43. Qe6+ Kh7 44. Bf6 Qxf6 45. Qxf6 Nd5 46.
Qf7+ Kh8 47. d7 Rb8 48. Rxc6 Rb1+ 49. Kg2 Nxe3+ 50. fxe3 Rb2+ 51. Kg3 Rg2+ 52.
Kxg2 g3 53. d8=Q# {Hossa checkmated} 1-0

[Event "ICS Rated standard match"]
[Site "204.178.125.65"]
[Date "2000.06.14"]
[Round "?"]
[White "Hossa"]
[Black "gambitmaster"]
[Result "0-1"]
[WhiteElo "2352"]
[BlackElo "2350"]
[PlyCount "132"]
[EventDate "2000.??.??"]

1. d4 Nf6 2. c4 g6 3. Nc3 Bg7 4. e4 d6 5. Nf3 O-O 6. Be2 e5 7. O-O exd4 8. Nxd4
Re8 9. f3 Nc6 10. Nxc6 bxc6 11. Bg5 h6 12. Be3 d5 13. Qc1 dxe4 14. Bxh6 Qd4+
15. Be3 Qe5 16. Rf2 exf3 17. Rxf3 Ng4 18. Bf4 Qc5+ 19. Kf1 Be5 20. Na4 Qd4 21.
Qc3 Qe4 22. Bd3 Qxf3+ 23. gxf3 Bxc3 24. Nxc3 Ne5 25. Be2 Bf5 26. Rd1 Re6 27.
Bg3 Rb8 28. b3 f6 29. Bf2 a5 30. Ba7 Rbe8 31. Bc5 g5 32. b4 Ng6 33. Kf2 axb4
34. Bxb4 Nf4 35. Bf1 Re5 36. Rd2 Kf7 37. Kg3 Re1 38. Rd1 R1e3 39. Kf2 g4 40.
fxg4 Bxg4 41. Ra1 Rf3+ 42. Kg1 Nh3+ 43. Bxh3 Bxh3 44. Kh1 c5 45. Ba5 Ra8 46.
Bxc7 Rxc3 47. Kg1 Rxc4 48. a3 Rg8+ 49. Kh1 Be6 50. Bg3 f5 51. a4 Bd5+ 52. Kg1
f4 53. Ra3 Rc1+ 54. Kf2 Rc2+ 55. Ke1 Rb8 56. Rd3 Bc4 57. Rd7+ Ke6 58. Rd6+ Ke7
59. Kd1 Ra2 60. Kc1 fxg3 61. Rd2 gxh2 62. Rxa2 h1=Q+ 63. Kd2 Qe4 64. a5 Qd4+
65. Kc1 Qc3+ 66. Rc2 Qe1# {Hossa checkmated} 0-1

[Event "ICS rated blitz match"]
[Site "204.178.125.65"]
[Date "2000.06.14"]
[Round "?"]
[White "Hossa"]
[Black "machouill"]
[Result "1-0"]
[WhiteElo "2402"]
[BlackElo "2477"]
[PlyCount "59"]
[EventDate "2000.??.??"]

1. d4 e6 2. e4 c5 3. d5 exd5 4. exd5 d6 5. Nf3 Nf6 6. Nc3 g6 7. Bb5+ Nbd7 8.
O-O a6 9. Re1+ Be7 10. Bd3 O-O 11. Bf4 Nh5 12. Bh6 Re8 13. Qd2 b5 14. a3 Ra7
15. Bf1 Ndf6 16. h3 Bf8 17. Rxe8 Qxe8 18. g4 Bxh6 19. Qxh6 Ng7 20. Ng5 Re7 21.
f3 Qd8 22. Nce4 Nge8 23. b3 Bb7 24. c4 Qa5 25. Bg2 Bc8 26. f4 bxc4 27. bxc4 Qa4
28. Re1 Rxe4 29. Rxe4 Qxa3 30. Rxe8+ {machouill resigns} 1-0

[Event "ICS rated blitz match"]
[Site "204.178.125.65"]
[Date "2000.06.14"]
[Round "?"]
[White "Hossa"]
[Black "mwolff"]
[Result "1-0"]
[WhiteElo "2421"]
[BlackElo "1999"]
[PlyCount "43"]
[EventDate "2000.??.??"]

1. d4 Nf6 2. Nf3 d5 3. g3 c6 4. Nbd2 Bf5 5. Nh4 Bg6 6. Nxg6 hxg6 7. Bg2 Nbd7 8.
e4 e6 9. h4 dxe4 10. Nxe4 Nxe4 11. Bxe4 Nf6 12. Bg2 Bd6 13. Qe2 Qc7 14. Bg5
O-O-O 15. O-O-O Rde8 16. Kb1 Nd5 17. c4 Nb4 18. Bd2 e5 19. Qg4+ Qd7 20. Qxd7+
Kxd7 21. dxe5 Rxe5 22. Bxb4 {mwolff resigns} 1-0

[Event "ICS rated blitz match"]
[Site "204.178.125.65"]
[Date "2000.06.14"]
[Round "?"]
[White "mwolff"]
[Black "Hossa"]
[Result "1-0"]
[WhiteElo "1996"]
[BlackElo "2424"]
[PlyCount "103"]
[EventDate "2000.??.??"]

1. e4 e6 2. d4 d5 3. Nc3 Bb4 4. e5 Bf8 5. f4 c5 6. Nf3 Nc6 7. Be3 cxd4 8. Nxd4
Bb4 9. a3 Bxc3+ 10. bxc3 Nge7 11. Bd3 Bd7 12. Nb5 O-O 13. Nd6 Qc7 14. O-O f6
15. Nb5 Qb8 16. Bc5 fxe5 17. Bd6 Qd8 18. fxe5 Qb6+ 19. Kh1 Nxe5 20. Bxe5 Bxb5
21. Qg4 Ng6 22. Bxg6 Rf6 23. Rxf6 hxg6 24. Rxg6 Kf7 25. Rxg7+ Ke8 26. Rg8+ Kd7
27. Qg7+ Kc6 28. Rxa8 Ba4 29. Qc7+ Qxc7 30. Bxc7 Kxc7 31. Rh8 Bxc2 32. Rc1 Bd3
33. h4 Kd7 34. h5 Ke7 35. g4 Kf6 36. Rb8 b6 37. Kg2 e5 38. Kg3 e4 39. Kf4 Kf7
40. g5 Ba6 41. Ra8 Bb5 42. Rxa7+ Kg8 43. Rb7 Ba4 44. Rxb6 Kf8 45. Rb7 Bc6 46.
Ra7 e3 47. Kxe3 Kg8 48. Rb1 Be8 49. Rb8 d4+ 50. Kxd4 Kf8 51. g6 Kg8 52. Rxe8# {
Hossa checkmated} 1-0

[Event "ICS Rated standard match"]
[Site "204.178.125.65"]
[Date "2000.06.14"]
[Round "?"]
[White "Hossa"]
[Black "BoeserOnkel"]
[Result "0-1"]
[WhiteElo "2336"]
[BlackElo "2420"]
[PlyCount "106"]
[EventDate "2000.??.??"]

1. d4 d5 2. Nf3 Nf6 3. e3 e6 4. c4 dxc4 5. Bxc4 c5 6. O-O a6 7. dxc5 Qxd1 8.
Rxd1 Bxc5 9. b3 Nbd7 10. Nc3 b5 11. Nxb5 axb5 12. Bxb5 Ke7 13. Bb2 Ba3 14.
Bxa3+ Rxa3 15. Nd4 Nd5 16. Rd2 N7f6 17. Nc6+ Kd6 18. Nd4 Ne4 19. Rc2 e5 20. Ne2
Nef6 21. Rd1 Be6 22. Ng3 Rb8 23. Bd3 Ke7 24. Rdd2 Nb4 25. Rb2 Rc8 26. Ne2 Bg4
27. f3 Nxd3 28. Rxd3 e4 29. Rc3 Rxc3 30. Nxc3 exf3 31. Rd2 fxg2 32. Kxg2 Ra6
33. Kg3 Be6 34. Rb2 Ra5 35. Re2 Rc5 36. h3 Rxc3 37. h4 Kd6 38. Kf4 Bd5 39. Kg3
Rc1 40. a3 Rg1+ 41. Kf2 Ra1 42. Rb2 Rxa3 43. Kg3 Ke5 44. Kf2 Ng4+ 45. Kg3 f5
46. h5 Ra1 47. Re2 Rg1+ 48. Kh3 f4 49. e4 f3 50. Rh2 Nxh2 51. Kxh2 f2 52. exd5
f1=Q 53. b4 Qg2# {Hossa checkmated} 0-1

[Event "ICS rated blitz match"]
[Site "204.178.125.65"]
[Date "2000.06.15"]
[Round "?"]
[White "BoeserOnkel"]
[Black "Hossa"]
[Result "1-0"]
[WhiteElo "2766"]
[BlackElo "2395"]
[PlyCount "83"]
[EventDate "2000.??.??"]

1. e4 e6 2. d4 d5 3. Nc3 dxe4 4. Nxe4 Nd7 5. Nf3 Ngf6 6. Nxf6+ Nxf6 7. Bd3 Be7
8. Bg5 O-O 9. Qe2 c6 10. O-O-O Qa5 11. Kb1 Rd8 12. Ne5 Qc7 13. Rhe1 c5 14. dxc5
Rb8 15. Bf4 Nd5 16. Qh5 g6 17. Nxg6 Nxf4 18. Nxf4 f5 19. Nxe6 Bxe6 20. Rxe6
Bxc5 21. Qxf5 Bf8 22. Re4 Re8 23. Rc4 Qe7 24. Rd4 Rbc8 25. Rd7 Rc5 26. Rxe7
Rxf5 27. Bc4+ Kh8 28. Rxe8 Rxf2 29. Rdd8 Kg7 30. Rd7+ Kh6 31. Re6+ Kg5 32. Rd5+
Rf5 33. h4+ Kf4 34. g3+ Kxg3 35. Rxf5 Bb4 36. Re3+ Kh2 37. Rg5 Bc5 38. Re2+ Kh3
39. Be6+ Kxh4 40. Rg4+ Kh3 41. Rg8+ Kh4 42. Rh2# {Hossa checkmated} 1-0

[Event "ICS rated blitz match"]
[Site "204.178.125.65"]
[Date "2000.06.15"]
[Round "?"]
[White "Hossa"]
[Black "MissSilicon"]
[Result "0-1"]
[WhiteElo "2392"]
[BlackElo "2558"]
[PlyCount "122"]
[EventDate "2000.??.??"]

1. d4 Nf6 2. Nf3 e6 3. c4 Bb4+ 4. Nc3 O-O 5. Bg5 h6 6. Bxf6 Qxf6 7. e3 Nc6 8.
Bd3 d5 9. O-O dxc4 10. Bxc4 b6 11. e4 Bb7 12. a3 Be7 13. Bb5 Rfd8 14. Bxc6 Bxc6
15. Qc2 Bb7 16. Rfd1 c5 17. d5 Bd6 18. Qe2 Bf4 19. Qc4 Rac8 20. Rab1 a6 21.
dxe6 fxe6 22. Qb3 b5 23. Qc2 Qg6 24. Ra1 b4 25. Rxd8+ Rxd8 26. axb4 cxb4 27.
Ne2 Bxe4 28. Nxf4 Bxc2 29. Nxg6 Bxg6 30. Ne5 Be8 31. b3 Bb5 32. g3 g5 33. h3
Kg7 34. Kg2 h5 35. h4 gxh4 36. gxh4 Rd4 37. Kg3 Re4 38. Nf3 Kf6 39. Nd2 Rg4+
40. Kh3 Rd4 41. Ra2 Kf5 42. f3 Kf4 43. Kg2 Rd3 44. Rb2 e5 45. Ne4 Rxf3 46. Nf6
Bc6 47. Rf2 Ba8 48. Rf1 e4 49. Nxh5+ Kg4 50. Nf6+ Kxh4 51. Rxf3 exf3+ 52. Kf2
a5 53. Nd7 a4 54. bxa4 b3 55. Nb6 b2 56. Nxa8 Kg4 57. Nb6 b1=Q 58. Nd7 Kf4 59.
Nf8 Qc2+ 60. Kf1 Qe2+ 61. Kg1 Qg2# {Hossa checkmated} 0-1

[Event "ICS rated blitz match"]
[Site "204.178.125.65"]
[Date "2000.06.15"]
[Round "?"]
[White "Hossa"]
[Black "Amateur"]
[Result "0-1"]
[WhiteElo "2383"]
[BlackElo "2550"]
[PlyCount "162"]
[EventDate "2000.??.??"]

1. d4 e6 2. e4 d5 3. e5 Bd7 4. Nf3 c5 5. dxc5 Bxc5 6. Nc3 Qb6 7. Qd2 Ne7 8. Bd3
Na6 9. a3 Ng6 10. O-O O-O 11. Qe2 Nb8 12. Bd2 Nc6 13. Na4 Nd4 14. Nxd4 Bxa4 15.
Nf3 Be7 16. b3 Bd7 17. Bg5 Bxg5 18. Nxg5 h6 19. Bxg6 fxg6 20. Nf3 Rac8 21. Rfd1
Rc3 22. Nd4 Qc7 23. Qd2 Rf7 24. Re1 Qc5 25. Re3 Rxe3 26. Qxe3 b5 27. Qd2 a6 28.
Nf3 Rf8 29. Nh4 Kh7 30. Ra2 d4 31. Nf3 Qc3 32. Qxc3 dxc3 33. Ra1 Bc6 34. Nd4
Bd5 35. Rd1 g5 36. Rd3 Rc8 37. f3 Kg6 38. Ne2 Kf5 39. Re3 g4 40. Kf2 gxf3 41.
gxf3 Rd8 42. h3 g6 43. Nxc3 g5 44. Ne2 Bb7 45. c4 bxc4 46. bxc4 Rd2 47. Ke1 Ra2
48. Kd1 Bc6 49. Kc1 a5 50. Nd4+ Kf4 51. Rd3 Ba4 52. Nxe6+ Kxe5 53. Re3+ Kf6 54.
Nd4 Bd7 55. c5 Bxh3 56. f4 Bg4 57. fxg5+ hxg5 58. Rg3 Bc8 59. Rf3+ Ke5 60. Kb1
Rg2 61. Nc6+ Kd5 62. Ne7+ Ke4 63. Rf8 Ba6 64. c6 Bd3+ 65. Ka1 Rc2 66. Ra8 Rc5
67. Ra7 Bc4 68. c7 Be6 69. Ra6 Bd7 70. Rc6 Rxc6 71. Nxc6 g4 72. Nxa5 g3 73. Nc4
g2 74. Nd6+ Kd5 75. c8=Q g1=Q+ 76. Ka2 Bxc8 77. Nb5 Qc1 78. Nc7+ Kc4 79. Nd5
Qc2+ 80. Ka1 Kb3 81. a4 Qc1# {Hossa checkmated} 0-1

[Event "ICS rated blitz match"]
[Site "204.178.125.65"]
[Date "2000.06.15"]
[Round "?"]
[White "Amateur"]
[Black "Hossa"]
[Result "1-0"]
[WhiteElo "2559"]
[BlackElo "2374"]
[PlyCount "167"]
[EventDate "2000.??.??"]

1. e4 e6 2. d4 d5 3. Nd2 c6 4. exd5 exd5 5. Bd3 Nf6 6. Ngf3 Be7 7. Nb3 O-O 8.
Bf4 Bg4 9. h3 Bxf3 10. Qxf3 Bb4+ 11. c3 Re8+ 12. Be3 Bd6 13. O-O Nbd7 14. Rae1
a5 15. Nd2 Qb6 16. Re2 Qxb2 17. Nc4 Qxc3 18. Nxd6 Qxd3 19. Nxe8 Rxe8 20. Rfe1
Ne4 21. Bd2 Qxd4 22. Bc3 Qc5 23. Bxg7 Qd6 24. Bc3 Qg6 25. Bxa5 Ne5 26. Qe3 c5
27. Bc7 Nc4 28. Qb3 Qc6 29. Bf4 Na5 30. Qc2 c4 31. f3 Nf6 32. Rxe8+ Nxe8 33.
Qd2 c3 34. Qxc3 Nc4 35. Bh6 f6 36. Qd4 Ne5 37. f4 Ng6 38. Re3 Nh4 39. Rg3+ Kf7
40. Qb4 Ng6 41. f5 Ne7 42. Qg4 Nc8 43. Qg8+ Ke7 44. Rd3 Nb6 45. Qxh7+ Kd8 46.
Re3 Qd7 47. Qh8 Nc4 48. Re6 Ncd6 49. Bg7 Ne4 50. Bxf6+ N4xf6 51. Rxf6 Qc7 52.
Re6 Qc1+ 53. Kf2 Qf4+ 54. Ke2 Qa4 55. Qf8 Qd7 56. Qa3 Qf7 57. Qa8+ Kd7 58.
Qxb7+ Nc7 59. g4 d4 60. h4 Qg7 61. Qc6+ Kd8 62. Re4 d3+ 63. Kxd3 Qf8 64. Rd4+
Kc8 65. Qd7+ Kb7 66. Rc4 Qa3+ 67. Rc3 Qa6+ 68. Ke4 Qe2+ 69. Kf4 Qh2+ 70. Kg5
Qe5 71. Qc6+ Kc8 72. Qa8+ Kd7 73. Rd3+ Qd6 74. Rxd6+ Kxd6 75. Qa3+ Kd7 76. f6
Ne6+ 77. Kg6 Nf4+ 78. Kf5 Nd5 79. f7 Ne7+ 80. Kg5 Nc6 81. f8=Q Kc7 82. Qa6 Ne7
83. Qxe7+ Kb8 84. Qe5# {Hossa checkmated} 1-0

[Event "ICS Rated standard match"]
[Site "204.178.125.65"]
[Date "2000.06.15"]
[Round "?"]
[White "Amateur"]
[Black "Hossa"]
[Result "1-0"]
[WhiteElo "2396"]
[BlackElo "2324"]
[PlyCount "181"]
[EventDate "2000.??.??"]

1. Nf3 Nf6 2. c4 e6 3. g3 d5 4. b3 Nc6 5. Bg2 d4 6. O-O Be7 7. d3 e5 8. Bd2 O-O
9. b4 a6 10. b5 axb5 11. cxb5 Na7 12. Nxe5 Nxb5 13. a4 Bc5 14. Qc2 Qe7 15. Rc1
Qxe5 16. Qxc5 Qxc5 17. Rxc5 c6 18. Rc1 Bg4 19. e4 Be2 20. Bb4 Bxd3 21. e5 Ng4
22. Bxf8 Kxf8 23. Re1 Bc2 24. Be4 Rxa4 25. Rxa4 Bxa4 26. Bd3 f6 27. f4 h6 28.
Re2 Na7 29. e6 Ne3 30. Nc3 dxc3 31. Rxe3 Ke7 32. Re1 Nb5 33. Kf2 c2 34. Ke3
Kxe6 35. Kd2+ Kd7 36. Re4 Nc3 37. Rd4+ Kc7 38. f5 b5 39. Rg4 Nb1+ 40. Kc1 Nc3
41. Bxc2 Ne2+ 42. Kd2 Bxc2 43. Kxc2 Kd6 44. Kd3 Nc1+ 45. Kc3 Ke5 46. Rxg7 Kxf5
47. Rc7 Na2+ 48. Kb2 Nb4 49. Kb3 Nd3 50. Rxc6 Ne5 51. Ra6 Nf3 52. Ra2 Ke4 53.
Kb4 Nd4 54. Kc5 Ke5 55. Ra7 Nf3 56. h4 Kf5 57. Rg7 h5 58. Kxb5 Ne5 59. Kc5 Nf3
60. Kd6 Nd2 61. Rg8 Ne4+ 62. Kd5 Nc3+ 63. Kd4 Nb5+ 64. Kd3 Nd6 65. Rg7 Ne4 66.
g4+ hxg4 67. h5 Nc5+ 68. Ke2 Ne6 69. h6 Nf8 70. Rf7 Ne6 71. h7 Ng5 72. h8=Q
Nxf7 73. Qc8+ Kg5 74. Qg8+ Kf4 75. Qxf7 f5 76. Qc7+ Ke4 77. Qe7+ Kd5 78. Kd3 g3
79. Qf6 f4 80. Qxf4 g2 81. Qg5+ Ke6 82. Kd4 g1=R 83. Qxg1 Kf5 84. Qf1+ Ke6 85.
Qc4+ Kf6 86. Ke4 Kg6 87. Qe6+ Kh7 88. Qe7+ Kh8 89. Kf5 Kg8 90. Kg6 Kh8 91. Qg7#
{Hossa checkmated} 1-0

[Event "ICS Rated standard match"]
[Site "204.178.125.65"]
[Date "2000.06.15"]
[Round "?"]
[White "gambitmaster"]
[Black "Hossa"]
[Result "0-1"]
[WhiteElo "2366"]
[BlackElo "2311"]
[PlyCount "203"]
[EventDate "2000.??.??"]

1. d4 d5 2. c4 e6 3. Nf3 c6 4. e3 Nd7 5. Qc2 Ngf6 6. Nc3 b6 7. Be2 dxc4 8. Bxc4
c5 9. O-O Bb7 10. Ne5 cxd4 11. exd4 Be7 12. Bg5 O-O 13. Bd3 h6 14. Bf4 Rc8 15.
Qe2 Nb8 16. Rfd1 Nc6 17. Nxc6 Rxc6 18. Rac1 Rc8 19. Be5 Qd7 20. Bb5 Qd8 21. a3
Nd5 22. Ne4 Rxc1 23. Rxc1 Bg5 24. Re1 Be7 25. Qg4 Nf6 26. Nxf6+ Bxf6 27. Rd1
Bg5 28. Bc4 Qe7 29. h4 Bf6 30. Qf4 Rc8 31. Bxf6 Qxf6 32. Qxf6 gxf6 33. b3 Rd8
34. g3 a6 35. a4 Kg7 36. Kf1 Kg6 37. Ke2 f5 38. Ke3 Kf6 39. a5 b5 40. Be2 Bd5
41. b4 Rc8 42. Rb1 Rc2 43. Bd1 f4+ 44. gxf4 Rc3+ 45. Kd2 Rh3 46. h5 Bc4 47. Bc2
Rxh5 48. Rg1 Rh2 49. Ke3 Rh3+ 50. Rg3 Rh1 51. Kd2 Bd5 52. Ke2 h5 53. Rg5 h4 54.
Rh5 h3 55. Rh6+ Kg7 56. Rh7+ Kg8 57. Rh4 f5 58. Kd2 h2 59. Bd3 Kg7 60. Rh3 Bg2
61. Rh4 Bf3 62. Bc2 Kg6 63. Rh3 Bd5 64. Bd3 Bc6 65. Rh4 Kg7 66. Bc2 Bb7 67. Bd3
Ba8 68. Ke2 Bd5 69. Kd2 Bc4 70. Bc2 Kg8 71. Rh3 Bd5 72. Bd3 Bf3 73. Bc2 Ba8 74.
Bd3 Bg2 75. Rh4 Bb7 76. Rh6 Bf3 77. Bc2 Ba8 78. Bd3 Kg7 79. Rh4 Kf6 80. Rh7 Kg6
81. Rh4 Bg2 82. Be2 Bd5 83. Bd3 Bf3 84. Bc2 Kf7 85. Rh7+ Kf8 86. Kc3 Bd5 87.
Kd2 Kg8 88. Rh3 Bg2 89. Rh4 Ba8 90. Bd3 Kf8 91. Rh8+ Ke7 92. Be2 Bd5 93. Bd3
Kd6 94. Rd8+ Kc6 95. Rc8+ Kd7 96. Rh8 Bc6 97. Bc2 Ke7 98. Rh7+ Kf6 99. Rh6+ Kf7
100. Bb3 Kg7 101. Kc2 Kxh6 102. d5 0-1

[Event "ICS rated blitz match"]
[Site "204.178.125.65"]
[Date "2000.06.15"]
[Round "?"]
[White "Hossa"]
[Black "Amateur"]
[Result "1/2-1/2"]
[WhiteElo "2366"]
[BlackElo "2567"]
[PlyCount "243"]
[EventDate "2000.??.??"]

1. Nf3 d5 2. b3 Nf6 3. d4 Bd7 4. c4 dxc4 5. bxc4 e6 6. Nc3 Bb4 7. Bd2 c5 8. e3
cxd4 9. exd4 Bxc3 10. Bxc3 Ne4 11. Rc1 Nxc3 12. Rxc3 Na6 13. Be2 O-O 14. O-O
Qa5 15. Qd2 Rac8 16. Ne5 Ba4 17. Qb2 f6 18. Bg4 Rfe8 19. Nd3 Rc6 20. Qa3 b5 21.
Bd1 Rd8 22. Bxa4 bxa4 23. Qe7 Qc7 24. Qxc7 Rxc7 25. Re1 Rxd4 26. c5 e5 27. f3
Rc8 28. Kf2 Rcd8 29. Ke2 Nc7 30. Rd1 Ne6 31. g3 f5 32. c6 e4 33. fxe4 fxe4 34.
Nf2 Rxd1 35. Nxd1 Nd4+ 36. Ke1 Nf3+ 37. Ke2 Nxh2 38. c7 Rc8 39. Nf2 Nf3 40. Ke3
Ng5 41. Rc6 Kf7 42. Nxe4 Nxe4 43. Kxe4 Ke7 44. Kd5 Kd7 45. Rd6+ Kxc7 46. Ra6
Kb7 47. Rxa4 Rc3 48. Rb4+ Ka6 49. Rg4 g6 50. Ra4+ Kb6 51. Rb4+ Ka5 52. Rb7 h5
53. g4 a6 54. Rg7 hxg4 55. Rxg6 g3 56. Ke4 Ra3 57. Kf4 Rxa2 58. Rxg3 Kb4 59.
Ke5 a5 60. Kd4 a4 61. Rg4 Rh2 62. Kd3+ Kb3 63. Rg6 Rh3+ 64. Kd2 Kb2 65. Rb6+
Rb3 66. Rc6 a3 67. Rc2+ Ka1 68. Rc1+ Rb1 69. Rc2 Rb2 70. Kc1 Rb5 71. Rc3 a2 72.
Rc4 Rb1+ 73. Kc2 Rb2+ 74. Kc1 Rb3 75. Rc5 Rf3 76. Rc4 Rf1+ 77. Kc2 Rf2+ 78. Kc1
Re2 79. Rd4 Rh2 80. Re4 Rf2 81. Rc4 Rg2 82. Rd4 Rb2 83. Rc4 Rf2 84. Rd4 Re2 85.
Rf4 Rg2 86. Rd4 Rg8 87. Rd2 Rb8 88. Rc2 Rb7 89. Rc3 Rb1+ 90. Kc2 Rb2+ 91. Kc1
Rh2 92. Rd3 Rf2 93. Rd4 Rh2 94. Re4 Rg2 95. Rd4 Re2 96. Rf4 Rg2 97. Rd4 Rg8 98.
Rd2 Rb8 99. Rc2 Rb7 100. Rc3 Rb1+ 101. Kc2 Rb2+ 102. Kc1 Rh2 103. Rd3 Rf2 104.
Rd4 Rh2 105. Re4 Rg2 106. Rd4 Re2 107. Rf4 Rg2 108. Rd4 Rg5 109. Rd2 Rb5 110.
Rc2 Rb1+ 111. Kd2 Rb7 112. Kc1 Rb5 113. Rc4 Rb1+ 114. Kc2 Rg1 115. Rd4 Rb1 116.
Rc4 Rf1 117. Rd4 Rh1 118. Re4 Rb1 119. Rc4 Re1 120. Rf4 Rb1 121. Rc4 Rh1 122.
Re4 1/2-1/2

[Event "ICS rated blitz match"]
[Site "204.178.125.65"]
[Date "2000.06.15"]
[Round "?"]
[White "Amateur"]
[Black "Hossa"]
[Result "1-0"]
[WhiteElo "2559"]
[BlackElo "2374"]
[PlyCount "118"]
[EventDate "2000.??.??"]

1. Nf3 d5 2. c4 c6 3. e3 Nf6 4. Nc3 Nbd7 5. cxd5 cxd5 6. d4 e6 7. Bd3 Nb6 8.
O-O Bd7 9. e4 dxe4 10. Nxe4 Be7 11. Bf4 Bc6 12. Qe2 Nxe4 13. Bxe4 Bxe4 14. Qxe4
Nd5 15. Be5 O-O 16. Rac1 Qa5 17. a3 Rfc8 18. Qe2 Qd8 19. Nd2 Bg5 20. Qg4 Bh6
21. Rc4 Nb6 22. Rcc1 Qd5 23. Rxc8+ Rxc8 24. Ne4 Qc6 25. Nf6+ Kh8 26. b3 Nd5 27.
Ne4 Kg8 28. Qh4 Qc1 29. Nd6 Ne3 30. Qd8+ Rxd8 31. Rxc1 Nf5 32. Rc7 Nxd6 33.
Bxd6 f6 34. Bb4 e5 35. Be7 Rxd4 36. g3 b6 37. Rxa7 Rd3 38. b4 e4 39. b5 e3 40.
fxe3 Bxe3+ 41. Kg2 Rd5 42. a4 Rd2+ 43. Kf3 Bd4 44. h3 Be5 45. Rb7 Rd3+ 46. Ke2
Rxg3 47. Rxb6 Rxh3 48. Bd6 Rh2+ 49. Kf3 Bxd6 50. Rxd6 Rh5 51. b6 Kf7 52. Rd7+
Ke6 53. b7 Rh3+ 54. Ke2 Rb3 55. Rxg7 h6 56. a5 Rb2+ 57. Kd3 Ra2 58. b8=Q Ra3+
59. Kc4 Kf5 {Hossa resigns} 1-0

[Event "ICS Rated blitz match"]
[Site "204.178.125.65"]
[Date "2000.06.15"]
[Round "?"]
[White "Amateur"]
[Black "Hossa"]
[Result "1-0"]
[WhiteElo "2571"]
[BlackElo "2366"]
[PlyCount "125"]
[EventDate "2000.??.??"]

1. e4 e6 2. d4 d5 3. Nd2 a6 4. Ngf3 c5 5. exd5 exd5 6. dxc5 Bxc5 7. Nb3 b6 8.
Nxc5 bxc5 9. Be2 Nc6 10. Bf4 Nf6 11. Ne5 Nxe5 12. Bxe5 O-O 13. O-O Ne4 14. f3
Ng5 15. Qd3 a5 16. Qc3 Ne6 17. Rae1 Re8 18. Qa3 Ba6 19. Rf2 f6 20. Bc3 Bxe2 21.
Rfxe2 Qb6 22. Qa4 c4+ 23. Kh1 Re7 24. b4 cxb3 25. axb3 f5 26. b4 Ra6 27. bxa5
Qc7 28. Qb3 Re8 29. Qxd5 Qc8 30. Bb4 Rd8 31. Qxf5 g6 32. Qh3 Re8 33. Qh4 Qd7
34. Re5 Kg7 35. c4 Qb7 36. Bd2 Kg8 37. Be3 Rc6 38. Bb6 Qd7 39. c5 Re7 40. a6
Re8 41. a7 Ra8 42. Qh3 Re8 43. Rxe6 Rcxe6 44. Qxe6+ Rxe6 45. a8=Q+ Kg7 46. Qa1+
Kf7 47. Qa2 h6 48. Bd8 Qc6 49. Bc7 Qa6 50. Qb3 Qc8 51. c6 h5 52. Qd5 Qe8 53.
Bd6 Qc8 54. c7 h4 55. Bb4 h3 56. gxh3 Qxc7 57. Rxe6 Kg7 58. Qd4+ Kh7 59. Qh4+
Kg8 60. Re8+ Kf7 61. Rf8+ Ke6 62. Qg4+ Kd5 63. Qe4# {Hossa checkmated} 1-0

[Event "ICS rated blitz match"]
[Site "204.178.125.65"]
[Date "2000.06.15"]
[Round "?"]
[White "Hossa"]
[Black "StrongBach"]
[Result "1-0"]
[WhiteElo "2358"]
[BlackElo "1791"]
[PlyCount "55"]
[EventDate "2000.??.??"]

1. Nf3 Nf6 2. c4 d6 3. d4 h5 4. Nc3 Rg8 5. e4 g6 6. Be2 Bd7 7. e5 Nh7 8. exd6
cxd6 9. O-O Nf6 10. d5 Bg7 11. Bd2 Ng4 12. h3 Ne5 13. Nxe5 Bxe5 14. Qb3 b6 15.
Rfe1 Rf8 16. Ne4 Rg8 17. Bc3 Bc8 18. Bxe5 dxe5 19. Qg3 Qc7 20. Bxh5 Qxc4 21.
Qxe5 Be6 22. dxe6 gxh5 23. exf7+ Kxf7 24. Nd6+ exd6 25. Qf5+ Kg7 26. Re7+ Qf7
27. Rxf7+ Kh6 28. Rh7# 1-0